Základní vývojové tendence světové ekonomiky

Enregistré dans:
Détails bibliographiques
Auteur principal: Chyba, Antonín
Format: Livre
Langue:tchèque
Publié: Praha Ústředí vědeckých, technických a ekonomických informací 1988
Édition:1. vyd.
Tags: Ajouter un tag
Pas de tags, Soyez le premier à ajouter un tag!

MARC

LEADER 00000nam a2200000 4500
001 c034351
005 20221219090018.2
041 0 |a cze 
044 |a CZ 
245 1 0 |a Základní vývojové tendence světové ekonomiky  |c Antonín Chyba 
250 |a 1. vyd. 
264 1 |a Praha  |b Ústředí vědeckých, technických a ekonomických informací  |c 1988 
300 |a 107 s. 
100 1 |a Chyba, Antonín